Detalles MARC
| 000 -CABECERA |
| campo de control de longitud fija |
02631nam a2200361Ia 4500 |
| 001 - NÚMERO DE CONTROL |
| campo de control |
113582 |
| 003 - IDENTIFICADOR DEL NÚMERO DE CONTROL |
| campo de control |
DR-UNIBE |
| 005 - FECHA Y HORA DE LA ÚLTIMA TRANSACCIÓN |
| campo de control |
20250509092232.0 |
| 008 - DATOS DE LONGITUD FIJA--INFORMACIÓN GENERAL |
| campo de control de longitud fija |
250508b2011 dr ||||| |||| 00| 0 spa d |
| 020 ## - NÚMERO INTERNACIONAL ESTÁNDAR DEL LIBRO |
| Número Internacional Estándar del Libro |
9789945140859 |
| 040 ## - FUENTE DE LA CATALOGACIÓN |
| Centro catalogador/agencia de origen |
BIBLIOTECA UNIBE |
| Centro/agencia transcriptor |
BIBLIOTECA UNIBE |
| Lengua de catalogación |
spa |
| 041 ## - CÓDIGO DE LENGUA |
| Código de lengua del texto/banda sonora o título independiente |
spa |
| 082 0# - NÚMERO DE LA CLASIFICACIÓN DECIMAL DEWEY |
| Número de clasificación |
RD 345.729305 O77c 2011 |
| 100 10 - ENTRADA PRINCIPAL--NOMBRE DE PERSONA |
| Nombre de persona |
Ortega Polanco, Francisco Antonio, |
| Fechas asociadas al nombre |
1969- |
| 9 (RLIN) |
21041 |
| Término indicativo de función/relación |
autor |
| 245 10 - MENCIÓN DE TÍTULO |
| Título |
Código procesal penal : |
| Resto del título |
por un juez en ejercicio / |
| Mención de responsabilidad, etc. |
Francisco Ortega Polanco |
| 250 ## - MENCIÓN DE EDICIÓN |
| Mención de edición |
Segunda edición |
| 260 4# - PUBLICACIÓN, DISTRIBUCIÓN, ETC. |
| Lugar de publicación, distribución, etc. |
Santo Domingo : |
| Nombre del editor, distribuidor, etc. |
[Editor no identificado], |
| Fecha de publicación, distribución, etc. |
2011 |
| 300 ## - DESCRIPCIÓN FÍSICA |
| Extensión |
590 páginas ; |
| Dimensiones |
26 cm |
| 504 ## - NOTA DE BIBLIOGRAFÍA, ETC. |
| Nota de bibliografía, etc. |
Incluye referencias bibliográficas (páginas: 509-514) e índice |
| 505 0# - NOTA DE CONTENIDO CON FORMATO |
| Nota de contenido con formato |
Prefacio |<br/>Presentación |<br/>Capítulo 1. Primacía de la Constitución y los tratados |<br/>Capítulo 2. Solución del conflicto |<br/>Capítulo 3. Juicio previo |<br/>Capítulo 4. Juez natural |<br/>Capítulo 5. Imparcialidad e independencia |<br/>Capítulo 6. Participación de la ciudadanía |<br/>Capítulo 7. Legalidad del proceso |<br/>Capítulo 8. Plazo razonable |<br/>Capítulo 9. Única persecución |<br/>Capítulo 10. Dignidad de la persona |<br/>Capítulo 11. Igualdad ante la ley |<br/>Capítulo 12. Igualdad entre las partes |<br/>Capítulo 13. No auto incriminación |<br/>Capítulo 14. Presunción de inocencia |<br/>Capítulo 15. Estatuto de libertad |<br/>Capítulo 16. Límite razonable de la prisión preventiva |<br/>Capítulo 17. Personalidad de la persecución |<br/>Capítulo 18. Derecho de defensa |<br/>Capítulo 19. Formulación precisa de cargos |<br/>Capítulo 20. Derecho a indemnización |<br/>Capítulo 21. Derecho a recurrir |<br/>Capítulo 22. Separación de funciones |<br/>Capítulo 23. Obligación de decidir |<br/>Capítulo 24. Motivación de las decisiones |<br/>Capítulo 25. Interpretación |<br/>Capítulo 26. Legalidad de la prueba |<br/>Capítulo 27. Derechos de la víctima |<br/>Capítulo 28. Ejecución de la pena |<br/>Principales siglas utilizadas |<br/>Bibliografía |<br/>Resumen temático alfabético<br/> |
| 650 #7 - PUNTO DE ACCESO ADICIONAL DE MATERIA--TÉRMINO DE MATERIA |
| Término de materia o nombre geográfico como elemento de entrada |
Procedimiento penal |
| Fuente del encabezamiento o término |
lemb |
| Subdivisión geográfica |
República Dominicana |
| 9 (RLIN) |
15663 |
| 650 #7 - PUNTO DE ACCESO ADICIONAL DE MATERIA--TÉRMINO DE MATERIA |
| Término de materia o nombre geográfico como elemento de entrada |
Solución de conflictos |
| 9 (RLIN) |
98137 |
| Fuente del encabezamiento o término |
lemb |
| 650 #7 - PUNTO DE ACCESO ADICIONAL DE MATERIA--TÉRMINO DE MATERIA |
| Término de materia o nombre geográfico como elemento de entrada |
Jueces |
| 9 (RLIN) |
98138 |
| Fuente del encabezamiento o término |
lemb |
| 650 #7 - PUNTO DE ACCESO ADICIONAL DE MATERIA--TÉRMINO DE MATERIA |
| Término de materia o nombre geográfico como elemento de entrada |
Administración de justicia penal |
| 9 (RLIN) |
98139 |
| Fuente del encabezamiento o término |
lemb |
| 650 #7 - PUNTO DE ACCESO ADICIONAL DE MATERIA--TÉRMINO DE MATERIA |
| Término de materia o nombre geográfico como elemento de entrada |
Procesos (Derechos) |
| 9 (RLIN) |
11259 |
| Fuente del encabezamiento o término |
lemb |
| 650 #7 - PUNTO DE ACCESO ADICIONAL DE MATERIA--TÉRMINO DE MATERIA |
| Término de materia o nombre geográfico como elemento de entrada |
Igualdad ante la ley |
| 9 (RLIN) |
98140 |
| Fuente del encabezamiento o término |
lemb |
| 650 #7 - PUNTO DE ACCESO ADICIONAL DE MATERIA--TÉRMINO DE MATERIA |
| Término de materia o nombre geográfico como elemento de entrada |
Derecho penal |
| 951 ## - EQUIVALENCIA O REFERENCIA-CRUZADA--NOMBRE GEOGRÁFICO/NOMBRE DE ÁREA [OBSOLETO] [solamente CAN/MARC] |
| Nombre geográfico |
20061022 10:18:00 |
| 700 1# - PUNTO DE ACCESO ADICIONAL--NOMBRE DE PERSONA |
| Nombre de persona |
Hernández Majía, Edgar |
| Término indicativo de función/relación |
revisión de contenido |
| -- |
presentación |
| 9 (RLIN) |
195116 |
| 700 1# - PUNTO DE ACCESO ADICIONAL--NOMBRE DE PERSONA |
| Nombre de persona |
Febles, Miguel |
| Término indicativo de función/relación |
revisión de estilo |
| 9 (RLIN) |
182374 |
| 700 1# - PUNTO DE ACCESO ADICIONAL--NOMBRE DE PERSONA |
| Nombre de persona |
Grullón Lara, María Cristina |
| Término indicativo de función/relación |
cuidado de edición |
| 9 (RLIN) |
195117 |
| 942 ## - ELEMENTOS DE PUNTO DE ACCESO ADICIONAL (KOHA) |
| Tipo de ítem Koha |
Libro (general) |
| Fuente del sistema de clasificación o colocación |
Sistema de Clasificación Decimal Dewey |